Responses for Show #8114 - Thursday, December 12, 2019

Jennifer Quail game 7.

Contestants

[<< previous game]

Kim Kindya, a freelance writer and editor from Queens, New York

Brad Cardwell, a communications manager from Baltimore, Maryland

Jennifer Quail, a wine tasting consultant from Dowagiac, Michigan (whose 6-day cash winnings total $171,400)

[next game >>]

Jeopardy! Round responses

THE PRESIDENT HAD MONEY TROUBLES
CRUSHIN' IT!
KIDDIE LIT TITLE ADJECTIVES
POLYNESIAN WORDS
FEMALE TV CRIME FIGHTERS
DESIGNER INITIALS
    $200 6
Monticello

Jennifer
    $200 23
velvet

Brad
    $200 1
[Alex reads the blank as "this".]

Wimpy

Jennifer
    $200 11
the Maori

Jennifer
    $200 17
(Brad: Who is Batwoman?)

Batgirl

BradKim
    $200 30
Yves Saint Laurent

Kim
    $600 7
(Alex: Good guy.)

Harry Truman

Jennifer
    $400 26
Candy Crush Saga

Kim
    $400 2
[Alex reads the blank as "which".]

Wonderful

Kim
    $400 12
a muumuu

Brad
    $400 18
CSI: Crime Scene Investigation

Triple Stumper
    $400 24
Tommy Hilfiger

Kim
    $600 8
Monroe

Jennifer
    $600 27
Mike Tyson

Jennifer
    $600 3
[Alex reads the blank as "what".]

Everlasting

Jennifer
    $600 16
a cowboy

Kim
    $600 19
Taraji P. Henson

Kim
    $600 13
Giorgio Armani

Brad
    $800 9
tobacco

Jennifer
    $800 28
a fedora

Jennifer
    $800 4
[Alex reads the blank as "this kind of".]
(Kim: Hungry?)
(Alex: No.)
(Kim: What is Hungry?)
(Alex: Nope.)

Busy

JenniferKim
    $800 21
[ERRATUM: In Polynesian mythology, Tiki is the first man, not a creator god.]

Tiki

Jennifer
    $800 20
21 Jump Street

Jennifer
    $800 14
Marc Jacobs

Brad
    $1000 10
President William McKinley

Triple Stumper
    $1000 29
cars

Brad
    $1000 5
[Alex reads the blank as "this".]
(Kim: What is Lame?)

Wonky

Kim
Triple Stumper
    $1000 22
poi

Jennifer
    $1000 25
(Richard) Castle

Jennifer
    $1000 15
Betsey Johnson

Jennifer

Scores at the first commercial break (after clue 15):

Jennifer Brad Kim
$5,000 $1,800 -$1,400

Scores at the end of the Jeopardy! Round:

Jennifer Brad Kim
$10,000 $2,800 $1,000

Double Jeopardy! Round responses

BIOLOGY
21st CENTURY FILMS
RHYMES WITH A SEASON
(Alex: Each correct response.)
BOOK OF THE YEAR
COUNTRY OF THE OPERA
(Alex: You identify the country--the present-day country.)
"EL" OR "LA"
(Alex: Either one will come up in each correct response.)
    $400 1
an owl

Jennifer
    $400 13
(Kim: What is The Quiet Place?)

A Quiet Place

Kim
    $400 2
(Kim: What is a... trailer park?)
...
(Alex: How about what is a [*]? That rhymes with fall.)
(Contestants: Oh!)
(Alex: Oh! Now we know what it's all about. Now we get it.)

a mall

Kim
Triple Stumper
    $400 9
1945

Kim
    $400 3
Spain

Jennifer
    $400 23
(Jennifer: Who is Richelieu?)
...
(Alex: Yes. L-A.)

Père Lachaise

JenniferKim
    $800 8
a food chain

Jennifer
    $800 14
Puss in Boots

Jennifer
    $800 21
(Alex: Rhymes with summer.)

dumber

Kim
    $800 15
Reconstruction

Kim
    $800 4
(Kim: What is Russia?)
...
(Alex: [*]. Anne Boleyn.)

England

JenniferKim
    $800 24
La Llorona

Kim
    $1200 10
taxonomy

Kim
    $1200 16
(Alex: Yes. And that movie opens tomorrow.)

Danny DeVito and Danny Glover

Jennifer
    $1200 22
fling

Jennifer
    $2,000 19
1066

Kim
    $1200 5
Greece

Jennifer
    $1200 25
(Kim: What is El Fenice?)

La Scala

JenniferKim
    $2,000 11
ungulates

Kim
    $1600 17
The King's Speech

Jennifer
    $1600 27
printer

Jennifer
    $1600 20
1919

Jennifer
    $1600 6
(Alex: That's right. William Tell.)

Switzerland

Kim
    $1600 29
El Alamein

Jennifer
    $2000 12
a decomposer

Jennifer
    $2000 18
Juno

Kim
    $2000 28
(Brad: What is a... fast riser?)
(Kim: What is a go-getter?)

up-and-comer

BradKim
Triple Stumper
    $2000 26
(Jennifer: What is Sputnik?)

Luna (or Lunik)

Jennifer
Triple Stumper
    $2000 7
China

Kim
    $2000 30
La Belle Dame Sans Merci

Kim

Scores at the end of the Double Jeopardy! Round:

Jennifer Brad Kim
$24,000 $800 $13,000

[wagering suggestions for these scores]

Final Jeopardy! Round responses

WOMEN AUTHORS
(Alex: [To Jennifer] ...and now a 7-day total just under $200,000--$198,400. And you could go over that mark very easily tomorrow. We'll see if it happens, folks. You gotta tune in. So long.)
BradWho is Pearl Buck?
$800
KimWho is Ethel Rosenberg? E. Roosevelt?
$12,999
JenniferWho is Ayn Rand?
$3,000
Ayn Rand

Final scores:

Jennifer Brad Kim
$27,000 $0 $1
7-day champion: $198,400 3rd place: $1,000 2nd place: $2,000

Game dynamics:

Coryat scores:

Jennifer Brad Kim
$23,800 $800 $11,800
29 R
(including 1 DD),
2 W
5 R,
2 W
20 R
(including 2 DDs),
6 W

Combined Coryat: $36,400

[game clues] [game scores] [suggest correction]

Game tape date: 2019-10-05
The J! Archive is created by fans, for fans. Scraping, republication, monetization, and malicious use prohibited; this site may use cookies and collect identifying information. See terms. The Jeopardy! game show and all elements thereof, including but not limited to copyright and trademark thereto, are the property of Jeopardy Productions, Inc. and are protected under law. This website is not affiliated with, sponsored by, or operated by Jeopardy Productions, Inc. Join the discussion at JBoard.tv.